Name Every Red Door Location - Statistics

General Stats
  • This quiz has been taken 3 times
  • The average score is 14 of 20
Answer Stats
Answer % Correct
Chisholm Creek
100%
Las Vegas
100%
San Diego
100%
Concord
67%
El Paso
67%
Encinitas
67%
Fort Worth
67%
Foxboro
67%
Gaithersburg
67%
Oxnard
67%
Penn Square
67%
Plano
67%
Richmond
67%
Riverton
67%
San Mateo
67%
Southlake
67%
Temecula
67%
Topanga
67%
Emeryville
33%
Sacramento
33%
No matching quizzes found
Score Distribution
Percent of People with Each Score
Percentile by Number Answered
Your Score History
You have not taken this quiz